Kraje Azji - Statystyki

Ogólne statystyki
  • Ten quiz został rozwiązany 857 razy
  • Średni wynik to 31 z 49
Statystyki odpowiedzi
Hint Odpowiedź % Poprawnych
9 9C 9 Chiny
96%
19 19J 19 Japonia
90%
38 R 38 Rosja
85%
27 K 27 Korea Północna
84%
26 K 26 Korea Południowa
84%
14 14I 14 Indie
83%
24 K 24 Kazachstan
80%
16 16I 16 Irak
78%
34 M 34 Mongoli
77%
2 2A 2 Arabia Saudyjska
76%
17 17I 17 Iran
76%
1 1A 1 Afganistan
75%
15 15I 15 Indonezja
74%
45 T 45 Turcja
74%
48 W 48 Wietnam
74%
36 O 36 Oman
73%
18 18I 18 Izrael
71%
37 P 37 Pakistan
71%
47 U 47 Uzbekistan
71%
3 3A 3 Armenia
68%
4 4A 4 Azerbejdżan
67%
46 T 46 Turkmenistan
67%
20 20J 20 Jemen
66%
42 T 42 Tadżykistan
66%
49 Z 49 Zjednoczone Emiraty Arabskie
65%
35 N 35 Nepal
64%
6 6B 6 Bangladesz
63%
43 T 43 Tajlandia
63%
29 L 29 Laos
62%
12 12F 12 Filipiny
61%
25 K 25 Kirgistan
61%
23 K 23 Katar
60%
13 13I 13 Gruzja
58%
7 7B 7 Bhutan
57%
22 K 22 Kambodża
57%
41 S 41 Syria
57%
40 S 40 Sri Lanka
56%
21 21J 21 Jordania
55%
32 M 32 Malezja
55%
28 K 28 Kuwejt
50%
30 L 30 Liban
50%
39 S 39 Singapur
50%
33 M 33 Mjanma
44%
10 10C 10 Cypr
42%
5 5B 5 Bahrajn
40%
8 8B 8 Brunei
40%
31 M 31 Malediwy
40%
44 T 44 Timor Wschodni
38%
11 Państwo z bardzo małą częścią 11E 11 Egipt
24%
Nie znaleziono quizów pasujących do podanych kryteriów
Rozkład punktacji
Procent ludzi z każdym wynikiem
Percentyl według liczby udzielonych odpowiedzi
Twoja historia wyników
Nie rozwiązałeś tego quizu